Pienso, luego sufro : (Registro nro. 61596)
[ vista simple ]
| 000 -LEADER | |
|---|---|
| fixed length control field | 00658nam a2200217 u 4500 |
| 001 - CONTROL NUMBER | |
| control field | 61596 |
| 005 - DATE AND TIME OF LATEST TRANSACTION | |
| control field | 20180714063305.0 |
| 008 - FIXED-LENGTH DATA ELEMENTS--GENERAL INFORMATION | |
| fixed length control field | 141021s2009 sp r 000 0 spa d |
| 020 ## - INTERNATIONAL STANDARD BOOK NUMBER | |
| International Standard Book Number | 978-84-493-2669-1 |
| 082 0# - DEWEY DECIMAL CLASSIFICATION NUMBER | |
| Classification number | 616.8914 |
| Item number | NAR |
| 100 1# - MAIN ENTRY--PERSONAL NAME | |
| Personal name | Nardone, Giorgio |
| Relator term | autor |
| 245 10 - TITLE STATEMENT | |
| Title | Pienso, luego sufro : |
| Remainder of title | cuando pensar demasiado hace daño / |
| Statement of responsibility, etc. | Giorgio Nardone. |
| 250 ## - EDITION STATEMENT | |
| Edition statement | 1ª edición |
| 264 #1 - PRODUCTION, PUBLICATION, DISTRIBUTION, MANUFACTURE, AND COPYRIGHT NOTICE | |
| Place of production, publication, distribution, manufacture | España : |
| Name of producer, publisher, distributor, manufacturer | Paidós, |
| Date of production, publication, distribution, manufacture, or copyright notice | 2012 |
| 300 ## - PHYSICAL DESCRIPTION | |
| Extent | 126 páginas ; |
| Dimensions | 24 cm. |
| 336 ## - CONTENT TYPE | |
| Content type term | texto |
| Source | rdacontent |
| 337 ## - MEDIA TYPE | |
| Media type term | sin mediación |
| Source | rdameida |
| 338 ## - CARRIER TYPE | |
| Carrier type term | volumen |
| Source | rdacarrier |
| 650 04 - SUBJECT ADDED ENTRY--TOPICAL TERM | |
| Topical term or geographic name entry element | Psicoterapia |
| 700 1# - ADDED ENTRY--PERSONAL NAME | |
| Personal name | De Snatis, Giulio |
| Withdrawn status | Lost status | Source of classification or shelving scheme | Damaged status | Not for loan | Collection code | Home library | Current library | Shelving location | Date acquired | Source of acquisition | Inventory number | Total Checkouts | Total Renewals | Full call number | Barcode | Date last seen | Date last checked out | Price effective from | Koha item type |
|---|---|---|---|---|---|---|---|---|---|---|---|---|---|---|---|---|---|---|---|
| Dewey Decimal Classification | General | Biblioteca Karol Wojtyla | Biblioteca Karol Wojtyla | Sala general | 21/10/2014 | Compra | 151000000000000000008316 | 4 | 3 | 616.8914 NAR 2012 | 93016 | 05/01/2026 | 17/08/2023 | 21/10/2014 | Libro |